Kids TV UK 70s 80s 90s 2 - Statistics

General Stats
  • This quiz has been taken 103 times
  • The average score is 6 of 15
Answer Stats
Clue Answer % Correct
🎵"Dedication, that's what you need!" Roy Castle and Norris McWhirter Record Breakers
88%
BBC TVs - comedy, sketches, games, live audience, Peter Glaze, Bernie Clifton, Stu Francis Crackerjack
82%
Animated version, of an iconic duo, each episode lasted about five minutes. "That's another fine mess!" Laurel and Hardy
80%
Clive Dunn, comedy drama on BBC1, playing a gent who's getting on a bit (with a pet parrot) Grandad
62%
Thames TVs pitch against Blue Peter, Mick Robertson and Jenny Hanley amongst the presenters Magpie
59%
School holiday-fayre, kids (round the regions) presenting different segments, year in year out! BBC TV Why Don't You
55%
"Who is the superhero? Penry, the mild mannered janitor?" Classic cartoon (KARATE CHOP!) Hong Kong Phooey
54%
1973-1980, Thames TV, Michael Bentines.... Potty Time
41%
CITV drama, made by Granada, set in a hospital (the man who pushed the sweets trolley around, very creepy!) Childrens Ward
29%
Childrens quiz show, presented by Michael Rodd, and finally Mark Curry in 1983, quiz genre - films Screen Test
16%
(Schools) , English language learning, with 'Wordy' and seasonal multi-part dramas Look and Read
11%
Battleships-esque game, with Richard Stilgoe presenting, and playing and singing the theme BBC TV Finders Keepers
5%
Derek Griffiths, in multiple roles including Reg the projectionist and Doreen the usherette Film Fun
4%
Staying with cartoons, an oddball one, a bit like the Simpsons, but in the 70s, with the Boyle family Wait Til Your Father Gets Home
4%
[HARD ONE!] CITV drama, based around a group of Met Police cadets, 1980 The Squad
1%
No matching quizzes found
Score Distribution
Percent of People with Each Score
Percentile by Number Answered
Your Score History
You have not taken this quiz